00438 2200169 4500001002100000005001700021035002500038090001400063100002800077245005100105250001100156260003300167300002100200650002000221850001200241990001500253YOGYA00000000001946620150316095307.0 a0010-081400000019184 a813 Had D aHADISUCIPTO, Sudibyo Z. aDaradasih Cap-capan 1cHADISUCIPTO, Sudibyo Z. aCet. 1 aJakartabBalai Pustakac1988 a115 hlm.b18 cm. aFiksi Indonesia aYOPDYOG a34834-P/93